000 00480nam a2200157 a 4500
005 20140412111230.0
008 001120s19uu xx 00 eng d
020 _a0-513-02007-1
050 _aTR(GS 372.3
_bKIN
100 _aKinghorm, Harriet
245 _aIndependent activities for second grade /
_cHarriet Kinghorn; illustrated by Liza Sernett.
260 _aMinneapolis :
_bT. D. Denison andCo. Inc,
_c1990.
300 _a31 p.
500 _aActivity book
999 _c102165
_d102165